Tourist Attractions in India - Part I - Statistics

General Stats
  • This quiz has been taken 24 times
  • The average score is 7 of 16
Answer Stats
Picture Answer % Correct
Taj Mahal
100%
Red Fort
80%
Gateway of India
65%
Golden Temple
65%
India Gate
65%
Lotus Temple
55%
Statue of Unity
55%
Charminar
50%
Qutub Minar
50%
Hawa Mahal
40%
Mysore Palace
40%
Victoria Memorial
25%
Ellora Caves
15%
Nubra Valley
10%
Mehrangarh Fort
5%
Shaniwar Wada
5%
No matching quizzes found
Score Distribution
Percent of People with Each Score
Percentile by Number Answered
Your Score History
You have not taken this quiz